000 02051nam0a2200409 4500
001 RU\NLR\BIBL_A\016280477
005 20230315133651.0
010 _a978-5-6047343-8-4
_9100
021 _aRU
_bКН-П-23-000056
_9КН-П-23-0004
035 _a(NLR Aleph) 016280477
035 _a(RuMoRGB)011512851
090 _a12914787
_c12914787
100 _a20230207d2022 k y0rusy50 ca
101 0 _arus
102 _aRU
105 _aac||z|||010cy
181 0 _ai
_baxxe
182 0 _an
200 1 _aОчерки по истории санитарно-эпидемиологической службы Тамбовской области
_eк 100-летию со дня образования Государственной санитарно-эпидемиологической службы Российской Федерации
_fД. В. Силин, Г. А. Толстова, А. Б. Замараева [и др.]
_gГоссанэпидслужба
203 _aТекст
_bвизуальный
_cнепосредственный
210 _aТамбов
_cСтудия печати Галины Золотовой
_d2022
215 _a196 с.
_cил., цв. ил., портр.
_d21
300 _aАвт. указаны на обороте тит. с.
300 _aНа тит. с. и обл.: Госсанэпидслужба, 100 лет
606 1 _aСанитарно-эпидемиологическая служба
_xИстория
_yТамбовская область
_2nlr_sh2
_3RU\NLR\AUTH\6601720118
675 _a614.4(470.326)(091)
_v4
686 1 _aР11(2)1г
686 1 _aР11(28)г
700 1 _aСилин
_bД. В.
701 1 _aТолстова
_bГ. А.
701 1 _aЗамараева
_bА. Б.
712 0 1 _aРоссийская Федерация
_bГосударственная санитарно-эпидемиологическая служба
_3RU\NLR\AUTH\8810012570
_4570
942 _cBOOK
980 _aNB